000 00812aam a2200289 i 4500
001 768714001
003 CO-MdFUSB
005 20250503111439.0
007 ta
008 250503t1954 pau |||| |||| 00| 0 eng d
040 _cCO-MdFUSB
041 0 _aeng
082 0 4 _223
_a241
_bL8481c
100 1 _aLong, Edward Leroy
_eautor
245 1 0 _aConscience and compromise :
_ban approach to protestany casuistry
_c/ Edward Leroy Long
264 1 _bThe Westminster Press,
_aPhiladelphia, PA., USA :
_c[1954]
264 4 _c©1954
300 _a166 páginas
336 _atexto
_btxt
_2rdacontent
337 _2rdamedia
_asin mediación
_bn
338 _2rdacarrier
_avolumen
_bnc
563 _apasta dura
650 7 _aÉtica cristiana
_9185
942 _cBK
945 _aJTF-925
999 _c35365
_d35365